El mercado mundial de jugos de frutas (Registro nro. 6231)
[ vista simple ]
| 000 -LEADER | |
|---|---|
| fixed length control field | 01120 a2200205 4500 |
| 001 - CONTROL NUMBER | |
| control field | 57707 |
| 005 - DATE AND TIME OF LATEST TRANSACTION | |
| control field | 20260407155836.0 |
| 008 - FIXED-LENGTH DATA ELEMENTS--GENERAL INFORMATION | |
| fixed length control field | 260407a1982 arg spa d |
| 003 - CONTROL NUMBER IDENTIFIER | |
| control field | AR-UNSa-BCEJYS |
| 040 ## - CATALOGING SOURCE | |
| Original cataloging agency | AR-UNSa-BCEJYS |
| Language of cataloging | spa |
| Transcribing agency | AR-UNSa-BCEJYS |
| 080 ## - UNIVERSAL DECIMAL CLASSIFICATION NUMBER | |
| Universal Decimal Classification number | 338.43 |
| Common auxiliary subdivision | Agricultura como una rama de la economía. Economía de los productos alimenticios |
| 041 ## - LANGUAGE CODE | |
| Language code of text/sound track or separate title | spa |
| 100 1# - MAIN ENTRY--PERSONAL NAME | |
| Personal name | Centro de Comercio Internacional (CCI) |
| 245 10 - TITLE STATEMENT | |
| Title | El mercado mundial de jugos de frutas |
| Name of part/section of a work | con especial referencia a jugos de agrios y de frutas tropicales |
| 264 #1 - PRODUCTION, PUBLICATION, DISTRIBUTION, MANUFACTURE, AND COPYRIGHT NOTICE | |
| Place of production, publication, distribution, manufacture | Ginegra : |
| Name of producer, publisher, distributor, manufacturer | CCI (Centro de Comercio Internacional) |
| Date of production, publication, distribution, manufacture, or copyright notice | 1982 |
| 300 ## - PHYSICAL DESCRIPTION | |
| Extent | xiv, 333 p. |
| Dimensions | 23 cm. |
| 505 ## - FORMATTED CONTENTS NOTE | |
| Formatted contents note | 1. El mercado mundial - 2. Bélgica-Luxemburgo - 3. Francia - 4. República Federal de Alemania - 5. Países Bajos - 6. Suecia - 7. Suiza - 8. Reino Unido - 9. Estados Unidos de América - 10. Canadá - 11. Japón - 12. Australia - 13. Bahrein - 14. Kuwait - 15. Arabia Saudita - 16. Emiratos Arabes Unidos - 17. República Arabe del Yemen - 18. Notas sobre algunos mercados de Europa oriental |
| 590 ## - LOCAL NOTE (RLIN) | |
| Local note | niveau_biblio:m niveau_hierar:0 |
| 942 ## - ADDED ENTRY ELEMENTS (KOHA) | |
| Koha item type | |
| Withdrawn status | Lost status | Damaged status | Not for loan | Home library | Current library | Shelving location | Date acquired | Total checkouts | Full call number | Barcode | Date last seen | Price effective from | Koha item type |
|---|---|---|---|---|---|---|---|---|---|---|---|---|---|
| Biblioteca Prof. Eusebio Cleto del Rey | Biblioteca Prof. Eusebio Cleto del Rey | 07/04/2026 | 338.43 C397 | L128807 | 07/04/2026 | 07/04/2026 | Libro |